00649cam a22002051i 4500001001300000003000400013005001700017008004100034010001700075035001900092040001800111042001200129050002200141100003800163245009900201260006400300300002100364504003100385610002700416ne 67000731 DLC20260227111831.0801020s1966 ua b 000 0 egy  ane 67000731  a(OCoLC)6841478 aDLCcMnMdDLC apremarc00aDS36.2b.G45 19661 aGhānim, Muḥammad Ḥāfiẓ.10aMuḥāḍarāt ʻan Jāmiʻat al-Duwal al-ʻArabīyah /cMuḥammad Ḥāfiẓ Ghānim. a[Cairo :bInstitute of Arabic Research and Studies],c1966. a160 p. ;c24 cm. aBibliographical footnotes.20aLeague of Arab States.